000 00627nam a22002297a 4500
003 UA-OsUOA
001 93473
007 ta
008 20130121b un ||||| |||| 00| 0 ukr d
090 _a821 (100)
_bВ81
942 _cBK
040 _aUA-OsUOA
_brus
_cUA-OsUOA
_dUA-OsUOA
245 _aВрата в будущее
_bсборник
300 _a383 с.
955 _a3
041 _arus
080 _a821 (100)
020 _a5-280-02302-7
260 _aМ.
_bХудожественная литература
_c1990
650 7 _a82 Література. Літературознавство
_2UDC
999 _c379694
_d379694